000 00713nam a2200241Ia 4500
003 OSt
005 20220923214455.0
006 a|||||r|||| 00| 0
007 ta
008 220922b |||||||| |||| 00| 0 hin d
024 _a169,806
037 _cTextual
040 _aARTS
_cARTS
_bhin
041 _2hin
_ahin
082 _aO152,3M95,JY, J6;K7
100 _aसांकृत्यायन, राहुल
245 0 _aजय यौधेय
246 _aJaya yaudheya
260 _c1967
650 _aहिन्दी साहित्य
_9156264
942 _hO152,3M95,JY, J6;K7
_cTEXL
_2CC
999 _c324226
_d324226